Skoki Narciarskie - Zdobywcy Podium ze Słowenii (2010-2019) - Statystyki

Ogólne statystyki
  • Ten quiz został rozwiązany 70 razy
  • Średni wynik to 8 z 9
Statystyki odpowiedzi
Liczba podiów Lata aktywności Odpowiedź % Poprawnych
10 2015- Domen Prevc
100%
54 2009-2024 Peter Prevc
100%
2 2014- Anze Lanisek
90%
5 2004-2019 Jernej Damjan
85%
21 1998-2018 Robert Kranjec
85%
2 2017- Timi Zajc
83%
7 2006-2020 Jurij Tepes
73%
1 2013-2022 Anze Semenic
70%
1 2012-2016 Jaka Hvala
63%
Nie znaleziono quizów pasujących do podanych kryteriów
Rozkład punktacji
Procent ludzi z każdym wynikiem
Percentyl według liczby udzielonych odpowiedzi
Twoja historia wyników
Nie rozwiązałeś tego quizu